| 000 | 00399nam a2200157 i 4500 | ||
|---|---|---|---|
| 001 | bg | ||
| 100 | 1 | _aCIBOROWSKI, Adolf | |
| 245 | 0 |
_aPolityka kształtowania środowiska / _cAdolf Cibrowski. |
|
| 260 |
_aWarszawa, _c1981. |
||
| 650 | 9 | _aŚrodowisko człowieka | |
| 040 | _cBPK | ||
| 041 | _apol | ||
| 080 | _a502.5:711.1/.2:911.375 | ||
| 942 | _cKS | ||
| 008 | s pl f |000 0 pol | ||
| 999 |
_c21650 _d21650 |
||
| 856 |
_uhttp://koha.tu.koszalin.pl/cgi-bin/koha/opac-detail.pl?biblionumber=21650 _yKatalog online BPK |
||